| Record ID | marc_records_scriblio_net/part17.dat:165560532:720 |
| Source | Scriblio |
| Download Link | /show-records/marc_records_scriblio_net/part17.dat:165560532:720?format=raw |
LEADER: 00720nam 2200229 a 4500
001 84238055
003 DLC
005 19850204000000.0
008 841113s1984 nyu 00110 eng
010 $a 84238055
020 $a0941476065 (pbk.) :$c$4.95
050 0 $aTX652$b.K314 1984
082 0 $a641.5/123$219
100 10 $aKahn, Frederick E.
245 10 $aCooking for kids /$cFrederick E. Kahn.
260 0 $aNew York, N.Y. :$bNautilus Communications ;$aAurora, Ill. :$bDistributed by Caroline House,$cc1984.
300 $aviii, 131 p. ;$c23 cm.
440 0 $aPreparing food the healthy way series
500 $aCover title: The kids cookbook.
500 $aIncludes index.
650 0 $aCookery.
740 01 $aKids cookbook.